Szczegóły MARC21

Wykłady z grawitacji /

003 -Nazwa inst., której nr kontr. jest w polu 001 [,]
    • @
    • Nazwa instytucji, której n kontrolny jest w polu 001
    • NUKAT
005 -DATA I CZAS OSTATNIEJ MODYFIKACJI [,]
    • @
    • pole kontrolne
    • 20250315015751.0
020 -Międzynarod. znormalizowany nr książki - ISBN [ , ]
    • a
    • Numer ISBN
    • 8374693738 Find
040 -Instytucja sporządzająca opis [ , ]
    • a
    • Instytucja, która sporządziła opis (NP)
    • SZCZ 004/HZ
    • c
    • Instytucja, która sporządziła rekord (NP)
    • SZCZ 004/HZ
    • d
    • Instytucja, która zmodyfikowała rekord (P)
    • SZCZ 004/DB
    • d
    • Instytucja, która zmodyfikowała rekord (P)
    • SZCZ 004/K
    • d
    • Instytucja, która zmodyfikowała rekord (P)
    • WR U/dl
    • d
    • Instytucja, która zmodyfikowała rekord (P)
    • LUBL 58/ASs
041 -Język dokumentu [1, ]
    • a
    • Język tekstu (P)
    • polski
    • h
    • Język tekstu oryginalnego i/lub pośredniego (P)
    • angielski
942 -Rodzaj dokumentu [ , ]
    • c
    • Rodzaj dokumentu
    • Książka
100 -Hasło główne - nazwa osobowa [1, ]
    • a
    • Nazwa osobowa (NP)
    • Feynman, Richard Phillips
    • d
    • Daty biograficzne (NP)
    • (1918-1988).
    • 9
    • KHW
    • 801
240 -Tytuł ujednolicony [1,0]
    • a
    • Tytuł ujednolicony
    • Feynman lectures on gravitation
    • l
    • Język tekstu
    • (pol.)
    • 9
    • KHW
    • 685815
245 -Strefa tytułu i oznaczenia odpowiedzialności [1,0]
    • a
    • Tytuł
    • Wykłady z grawitacji / Find
    • c
    • Pozostałe elementy strefy tytułu i oznaczenia odpowiedzialności (NP)
    • Richard P. Feynman ; przeł. i posł. opatrzył Jerzy Kowalski-Glikman ; wprow.: John Preskill i Kip S. Thorne.
260 -Strefa adresu wydawniczego [ , ]
    • a
    • Miejsce wydania (P)
    • Warszawa :
    • b
    • Nazwa wydawcy (P)
    • Prószyński i S-ka,
    • c
    • Data wydania (P)
    • [2006].
300 -Strefa opisu fizycznego [ , ]
    • a
    • Określenie formy książki i/lub objętość (NP)
    • L, 262 s. :
    • b
    • Oznaczenie ilustracji (NP)
    • il. ;
    • c
    • Format (NP)
    • 20 cm.
336 -Typ zawartości [ , ]
    • a
    • Termin opisujący typ zawartości
    • Tekst
    • b
    • Kod określający zawartość
    • txt
    • 2
    • Źródło (terminu i kodu)
    • rdacontent
337 -Typ mediów [ , ]
    • a
    • Tryb odtwarzania
    • Bez urządzenia pośredniczącego
    • b
    • Kod typu mediów
    • n
    • 2
    • Źródło (terminu i kodu)
    • rdamedia
338 -Typ/rodzaj nośnika [ , ]
    • a
    • Hasło opisujące typ nośnika
    • Wolumin
    • b
    • Kod typu nośnika
    • nc
    • 2
    • Źródło (terminu i kodu)
    • rdacarrier
500 -Uwaga ogólna [ , ]
    • a
    • Uwaga ogólna (NP)
    • Rok wydania wg.: www.proszynski.pl.
500 -Uwaga ogólna [ , ]
    • a
    • Uwaga ogólna (NP)
    • Na okł.: Feynmana wykłady z fizyki.
504 -Uwaga dot. bibliogr. załącznikowej [ , ]
    • a
    • Uwaga dot. bibliografii załącznikowej
    • Bibliogr. s. 251-259. Indeks.
080 -Uniwersalna Klasyfikacja Dziesiętna [ , ]
    • 2
    • Identyfikator wydania tablic
    • UDC-P058
    • a
    • Symbol klasyfikacji
    • 531.5
    • b
    • Dopowiedzenie
    • Grawitacja (Ciążenie). Teoria wahadła. Balistyka.
650 -Hasło przedmiotowe [ ,7]
    • a
    • Hasło przedmiotowe
    • Grawitacja.
    • 2
    • Źródło terminu
    • kaba
    • 9
    • KHW
    • 110412
650 -Hasło przedmiotowe [ ,7]
    • a
    • Hasło przedmiotowe
    • Grawitacja kwantowa.
    • 2
    • Źródło terminu
    • kaba
    • 9
    • KHW
    • 110413
980 -Symbol UKD [ , ]
    • a
    • UKD
    • 531.5
700 -Hasło dodatkowe - nazwa osobowa [1, ]
    • a
    • Nazwa osobowa (NP)
    • Kowalski-Glikman, Jerzy Find
    • d
    • Daty biograficzne (NP)
    • (1957- ).
    • e
    • Określenie rodzaju współpracy
    • Tł.
    • 9
    • KHW
    • 624313
700 -Hasło dodatkowe - nazwa osobowa [1, ]
    • a
    • Nazwa osobowa (NP)
    • Thorne, Kip S. Find
    • d
    • Daty biograficzne (NP)
    • (1940- ).
    • e
    • Określenie rodzaju współpracy
    • Wstęp
    • 9
    • KHW
    • 666838
700 -Hasło dodatkowe - nazwa osobowa [1, ]
    • a
    • Nazwa osobowa (NP)
    • Preskill, John. Find
    • e
    • Określenie rodzaju współpracy
    • Wstęp
    • 9
    • KHW
    • 685813
710 -Hasło dodatkowe - nazwa ciała zbiorowego [2, ]
    • a
    • Nazwa ciała zbiorowego lub nazwa geograficzna jako pierwszy element (NP)
    • Prószyński i S-ka (1990-2008).
    • 4
    • Kod relacji
    • pbl
    • 9
    • KHW
    • 69189
920 -ISBN [ , ]
    • a
    • ISBN
    • 83-7469-373-8 Find
Data inwentaryzacji Lokalizacja Status udost. Numer inwentarzowy
2008-03-03BG1N.19107